<?xml version="1.0" encoding="UTF-8"?><?xml-stylesheet type="text/xsl" href="static/style.xsl"?><OAI-PMH xmlns="http://www.openarchives.org/OAI/2.0/" xmlns:xsi="http://www.w3.org/2001/XMLSchema-instance" xsi:schemaLocation="http://www.openarchives.org/OAI/2.0/ http://www.openarchives.org/OAI/2.0/OAI-PMH.xsd"><responseDate>2026-06-29T02:44:16Z</responseDate><request verb="GetRecord" identifier="oai:docta.ucm.es:20.500.14352/51834" metadataPrefix="marc">https://docta.ucm.es/rest/oai/request</request><GetRecord><record><header><identifier>oai:docta.ucm.es:20.500.14352/51834</identifier><datestamp>2023-08-27T06:23:05Z</datestamp><setSpec>com_20.500.14352_14</setSpec><setSpec>col_20.500.14352_15</setSpec></header><metadata><record xmlns="http://www.loc.gov/MARC21/slim" xmlns:dcterms="http://purl.org/dc/terms/" xmlns:xsi="http://www.w3.org/2001/XMLSchema-instance" xmlns:doc="http://www.lyncode.com/xoai" xsi:schemaLocation="http://www.loc.gov/MARC21/slim http://www.loc.gov/standards/marcxml/schema/MARC21slim.xsd">
   <leader>00925njm 22002777a 4500</leader>
   <datafield ind2=" " ind1=" " tag="042">
      <subfield code="a">dc</subfield>
   </datafield>
   <datafield ind2=" " ind1=" " tag="720">
      <subfield code="a">Jablonka, P.</subfield>
      <subfield code="e">author</subfield>
   </datafield>
   <datafield ind2=" " ind1=" " tag="720">
      <subfield code="a">Gorgas García, Francisco Javier</subfield>
      <subfield code="e">author</subfield>
   </datafield>
   <datafield ind2=" " ind1=" " tag="720">
      <subfield code="a">Goudfrooij, P.</subfield>
      <subfield code="e">author</subfield>
   </datafield>
   <datafield ind2=" " ind1=" " tag="260">
      <subfield code="c">2007-11</subfield>
   </datafield>
   <datafield ind2=" " ind1=" " tag="520">
      <subfield code="a">We present the analysis of the radial gradients of stellar absorption lines in a sample of 32 bulges of edge-on spiral galaxies, spanning nearly the full Hubble sequence (from S0 to Sc types), and a large range of velocity dispersion (from about 60 to 300 km s^-1). Different diagnostics such as index-index, gradient-gradient diagrams, and simple stellar population models are used to tackle the origin of the variation of the bulge stellar population. We find that the vast majority of bulges show older age, lower metallicity and higher [α/Fe] in their outer regions than in their central parts. The radial gradients in [Fe/H] are 2 to 3 times larger than in Log(age). The relation between gradient and bulge velocity dispersion is interpreted as a gradual build up of the gradient mean values and their dispersions from high to low velocity dispersion, rather than a pure correlation. The bulge effective radii and the Hubble type of the parent galaxies seem to play a more minor role in causing the observed spatial distributions. At a given velocity dispersion, bulges and ellipticals share common properties.</subfield>
   </datafield>
   <datafield ind1="8" ind2=" " tag="024">
      <subfield code="a">0004-6361</subfield>
   </datafield>
   <datafield ind1="8" ind2=" " tag="024">
      <subfield code="a">10.1051/0004-6361:20066691</subfield>
   </datafield>
   <datafield ind1="8" ind2=" " tag="024">
      <subfield code="a">https://hdl.handle.net/20.500.14352/51834</subfield>
   </datafield>
   <datafield ind1="8" ind2=" " tag="024">
      <subfield code="a">http://dx.doi.org/10.1051/0004-6361:20066691</subfield>
   </datafield>
   <datafield ind1="8" ind2=" " tag="024">
      <subfield code="a">http://www.aanda.org/</subfield>
   </datafield>
   <datafield ind2="0" ind1="0" tag="245">
      <subfield code="a">Stellar population gradients in bulges along the Hubble sequence - II. Relations with galaxy properties</subfield>
   </datafield>
</record></metadata></record></GetRecord></OAI-PMH>